| 000 | 00762nam a22002057a 4500 | ||
|---|---|---|---|
| 008 | 130821s1865 fr gr fre | ||
| 040 |
_aCo-BoUCM _bspa |
||
| 041 | 0 | 0 | _afre |
| 100 |
_aLittre, M. E. _eTr _9150084 |
||
| 245 | 0 | 0 |
_aHistorie naturelle de Pline _cM. E. Littre ' avec la traduction en Francais par M. E. Littre |
| 260 |
_aParís (Francia) _bFirmin Didot Freres _c1865 |
||
| 300 | _a2 volúmenes | ||
| 500 | _aIncluye índice general al final del segundo volumen | ||
| 650 | 0 | 4 |
_aAnimales y plantas _97273 |
| 650 | 0 | 4 |
_aAnimales y plantas _xDistribución geográfica _97273 |
| 650 | 0 | 4 |
_aDistribución geográfica _97531 |
| 650 | 0 | 4 |
_aHistoria natural _916944 |
| 942 |
_cLIBRO _a25 _e1 _mL17 _n0 _2DEWEY _h508 |
||
| 999 |
_c86699 _d86699 |
||